000 00592cam a22001337a 4500
008 180718b1991 xxu||||| |||| 00| 0 eng d
082 _aB73x54 M687r
245 _aReview of panchayati raj acts in the context of proposed constitutional amendments bill (Andhra Pradesh, Bihar, Gujarat, Haryana, Karnataka, Madhya Pradesh, Uttar Pradesh and West Bengal)
_cby S.N. Mishra...[et.al.]
260 _aNew Delhi
_bIndian Institute of Public Administration
_c1991
300 _a286p.
650 _aIndia - Constitutional law, state - Amendments
650 _aPanchayat - India
700 _aMishra, S.N.
999 _c492661
_d492661